000 01735nam a22002417a 4500
003 OSt
005 20250624123935.0
008 250530s2014 ag ||||| |||| 00| 1 spa d
020 _a9789876701938
040 _cspa
100 1 _aMankell, Henning,
_d1948-2015,
_eautor
245 1 0 _aHuesos en el jardín /
_cHenning Mankell ; posfacio de Henning Mankell ; traducción del sueco de Carmen Montes Cano
260 _aBuenos Aires :
_bTusquets,
_c2014
300 _a178 p.
518 _a
520 _aUn domingo de octubre de 2002, un Kutr Wallander agotado después de una intensa semana de trabajo va a visitar la que podría ser la casa de sus sueños en las afuera de Loderup. Mientras deambula a solas por el jardín de la finca, rumiando si comprarla o no , tropieza con algo semioculto entre la hierba. Para su sorpresa, son los huesos de una mano. Esa misma noche, cuando los técnicos encienden sus focos y cavan alrededor, sale a la luz un cadáver que, según los forenses, lleva mas de cincuenta años bajo la tierra. Poco antes de la Navidad, y pese a los recortes presupuestarios en la policía de Escania, el inspector Wallander, junto con sus colegas Martinsson y Stefan Lindman (el protagonista de El retorno del profesor de baile), sigue investigando lo que parece ser un asesinato muy antiguo. Pero ¿es posible esclarecer un crimen cometido tanto tiempo atrás? Cuando ya esta a punto de darse por vencido , Wallander regresa al jardín de la que pudo haber sido su casa. Y algo despierta en, él nuevas sospechas que se convertirán en un nuevo hallazgo. {nota del editor}
648 4 _aSiglo XXI
650 4 _aLiteratura
651 4 _aSuecia
653 _aPolicial
655 4 _aNovela
942 _2udc
_cOG
_n0
999 _c513
_d513